000 00815nam a2200253Ia 4500
003 OSt
005 20220923224612.0
006 a|||||r|||| 00| 0
007 ta
008 220922b |||||||| |||| 00| 0 hin d
020 _c100
024 _a246,008
037 _b373, 17/02/2011, Vani Prakashan
_cTextual
040 _aARTS
_cARTS
_bhin
041 _2hin
_ahin
082 _aO168,3NRE,KA, 152P2
100 _aरियाज़, फ़हमीदा
_9156271
245 0 _aकराची
246 _aKarāchī
260 _aनयी दिल्ली
_b वाणी प्रकाशन
_c2002
300 _a111पृ.
_ccm.
942 _hO168,3NRE,KA, 152P2
_cTEXL
_2CC
999 _c372449
_d372449